|
|
|
|
| LEADER |
00994nam a2200277 a 4500 |
| 001 |
5293 |
| 003 |
BD-DhAAL |
| 005 |
20150921102918.0 |
| 008 |
150921s1992 nyua 001 0 eng |
| 010 |
|
|
|a 91042190
|
| 020 |
|
|
|a 1861975473
|
| 020 |
|
|
|a 0887305431 :
|c $22.00
|
| 040 |
|
|
|a DLC
|c DLC
|d DLC
|d BD-DhAAL
|
| 050 |
0 |
0 |
|a HD53
|b .D4 1992
|
| 082 |
0 |
0 |
|a 650.1
|2 20
|
| 100 |
1 |
|
|a De Bono, Edward,
|d 1933-
|9 14736
|
| 245 |
1 |
0 |
|a Sur/petition :
|b creating value monopolies when everyone else is merely competing /
|c Edward de Bono.
|
| 260 |
|
|
|a New York, NY :
|a London :
|b HarperBusiness,
|b Profile Books,
|c 1993.
|
| 300 |
|
|
|a xxi, 234 p. :
|b ill. ;
|c 20 cm.
|
| 500 |
|
|
|a Includes index.
|
| 541 |
|
|
|e 5293
|
| 650 |
|
0 |
|a Creative ability in business.
|9 14926
|
| 650 |
|
0 |
|a Competition.
|9 14927
|
| 942 |
|
|
|2 ddc
|c BK
|
| 999 |
|
|
|c 35629
|d 35629
|
| 952 |
|
|
|0 0
|1 0
|2 ddc
|4 0
|6 650_100000000000000_DEB
|7 0
|9 56021
|a SCL
|b SCL
|c GEN
|d 2015-09-21
|g 445.00
|l 4
|m 18
|o 650.1 DEB
|p 3020005293
|r 2025-12-29
|s 2025-10-17
|t 1
|w 2015-09-21
|y BK
|